Escudos de Equipes da MLS 2025 - Statistics

Estatísticas Gerais
  • Esse quiz foi jogado 37 vezes
  • A pontuação média é 25 de 30
Estatísticas das Respostas
Imagem Resposta % Correto
Atlanta United
100%
Charlotte
100%
D.C. United
100%
Inter Miami
100%
New York City
100%
Orlando City
100%
San Diego
100%
Toronto
100%
Austin
96%
Cincinnati
96%
Dallas
96%
Montréal
96%
Nashville
96%
Colorado Rapids
93%
Columbus Crew
93%
New England Revolution
93%
Philadelphia Union
93%
Vancouver Whitecaps
93%
LAFC
86%
Seattle Sounders
86%
Houston Dynamo
82%
LA Galaxy
79%
St. Louis City
79%
Chicago Fire
68%
Minnesota United
64%
Portland Timbers
64%
Real Salt lake
61%
San Jose Earthquakes
61%
New York Red Bulls
39%
Sporting KC
29%
Nenhum quiz correspondente encontrado
Distribuição das Pontuações
Porcentagem de Pessoas com Cada Pontuação
Percentil de Números Respondidos
Sua Pontuação Histórica
Você não jogou esse quiz